Urban Agglomeration - Letters V-Z - Statistics

General Stats
  • This quiz has been taken 23 times
  • The average score is 6 of 9
Answer Stats
Second Letter Answer % Correct
A Vancouver | Valencia | Valencia | Valparaíso
100%
O Voronezh | Volgograd
90%
A Washington | Warsaw
90%
A Yangon | Yaoundé
90%
E Yekaterinburg | Yerevan
90%
I Vienna | Vitória | Virginia Beach
70%
U Zürich
55%
A Zaria | Zanzibar
30%
O Yogyakarta
20%
No matching quizzes found
Score Distribution
Percent of People with Each Score
Percentile by Number Answered
Your Score History
You have not taken this quiz